00677 2200217 4500001002100000005001700021008004100038035002400079090001800103100004000121245011100161260001200272500005900284650002500343700002500368700001700393850001500410980001300425985000600438999001500444YOGYA-0209000006682420090227091925.0 ind  0010-020900000066824 a221.92bAbd I aABDURRAHMAN, Aisyah binti As Syathi aIbunda para nabicAisyah Abdurrahman binti As Syathi; penerjemah, Abdul Kadir Mahdamy; editor, Etty Arifin aJakarta aJudul asli : Ummi Nnabiyyishollallahu'alaihi wassallam aAlkitab - Perjanjian aMahdamy, Abdul Kadir aArifin, Etty aYOPDYOG(B) a25-09-08 a1 a97P0090623